1217 1871 1468 1948 1498 1163 1152 1221 1942 1886 1770 1884 1073 1717 1781 1428 1700 1663 1743 1950 1524 1449 2000 1964 1326 1324 1309 1625 1476 1507 1525 1255 1234 1391 1529 1217 1453 1728 1335 1393 1540 1757 1925 1233 1723 1659 1676 1472 1833 1887 1204 1414 1770 1109 1834 1766 1220 1223 1905 1547 1196 1874 1119 1783 1208 1314 1773 1070 1871 1647 1683 1078 1936 1049 1759 1467 1802 1828 1686 1874 1279 1307 1915 1594 1558 1489 1653 1144 1870 1428 1790 1583 1235 1513 1020 1817 1573 1350 1502 BCNSPRNW ULIB Ver.6.0+V

เปลี่ยนเป็นภาษาไทย

Change to English
 แสดงรายละเอียดบรรณานุกรม
  กลับหน้าหลัก

Brief Record : Get Marc (ISO 2709) : E-mail record : QR code < ปิดหน้าต่าง
LEADER : 00000nam 2200000uu 4500
001    13399125115
003     ULIB
008    020711s2550 th a 000 0 tha d
020    9789749899274
090    นว.^bย731ค
100    โยโคมิโซะ เซชิ
245    คินดะอิจิยอดนักสืบ ตอนที่8 : อย่าออกมาเดินตอนกลางคืน/^cโยโคมิโซะ เซชิ
260    กรุงเทพมหานคร :^bJBOOK,^c2550
300    232 หน้า
945    ^p190^l0^i022062
999    ^aทศพร
รายการนี้ยังไม่มีแท็ก
คุณยังไม่ได้ล็อกอิน คุณสามารถมีกิจกรรมร่วมกับเว็บไซต์ได้ แต่ต้องล็อกอินก่อน ::
  ล็อกอิน

รายการสื่อสารสนเทศ

ลำดับที่ ประเภท เลขเรียก/บาร์โค้ด สถานที่ สถานะ
1. นวนิยาย
นวนิยาย
นว. ย731ค ฉ.1 
  Barcode: 022062
ห้องสมุดวิทยาเขตสวรรค์ประชารักษ์
►หนังสือทั่วไป
บนชั้น

รายการใกล้เคียง
    ผู้แต่ง [โยโคมิโซะ เซชิ]

BibComment


ยังไม่เคยถูกคอมเมนท์

คอมเมนท์ทรัพยากรรายการนี้
  คอมเมนท์: คินดะอิจิยอดนักสื..


 Copyright 2026. Bcnsprnw @Library